Statistiken für Nachbarländer Italiens

Klicken Sie hier um das Quiz zu spielen!

Allgemein

  • Dieses Quiz wurde 74 mal gespielt
    (42 seit der letzten Aktualisierung)
  • Das Durchschnittsergebnis liegt bei 6 aus 6

Antwortstatistiken

Antwort% Korrekt
Schweiz
100%
Frankreich
97%
Österreich
97%
San Marino
92%
Slowenien
89%
Vatikan
89%

Verteilung der Resultate

Perzentil nach korrekt beantworteten Fragen

Anzahl Personen mit jedem Resultat

Ihre Resultats-Entwicklung

Sie haben dieses Quiz seit der letzten Aktualisierung nicht gespielt